<?xml version="1.0" encoding="UTF-8"?>
<collection xmlns="http://www.loc.gov/MARC21/slim">
 <record>
  <leader>02335nam a2200217Ia 4500</leader>
  <controlfield tag="001">CTU_239277</controlfield>
  <controlfield tag="008">210402s9999    xx            000 0 und d</controlfield>
  <datafield tag="082" ind1=" " ind2=" ">
   <subfield code="a">627.12</subfield>
  </datafield>
  <datafield tag="082" ind1=" " ind2=" ">
   <subfield code="b">Nh305</subfield>
  </datafield>
  <datafield tag="088" ind1=" " ind2=" ">
   <subfield code="a">8580202</subfield>
  </datafield>
  <datafield tag="100" ind1=" " ind2=" ">
   <subfield code="a">Nguyễn, Thị Kim Nhiên</subfield>
  </datafield>
  <datafield tag="245" ind1=" " ind2="0">
   <subfield code="a">Đánh giá các giải pháp phòng chống sạt lở cho công trình thủy lợi thành phố Cần Thơ :</subfield>
  </datafield>
  <datafield tag="245" ind1=" " ind2="0">
   <subfield code="b">Luận văn tốt nghiệp Cao học ngành: Kỹ thuật xây dựng công trình thủy</subfield>
  </datafield>
  <datafield tag="245" ind1=" " ind2="0">
   <subfield code="c">Nguyễn Thị Kim Nhiên ; Lê Gia Lâm (cán bộ hướng dẫn)</subfield>
  </datafield>
  <datafield tag="260" ind1=" " ind2=" ">
   <subfield code="a">Cần Thơ</subfield>
  </datafield>
  <datafield tag="260" ind1=" " ind2=" ">
   <subfield code="b">Trường Đại học Cần Thơ</subfield>
  </datafield>
  <datafield tag="260" ind1=" " ind2=" ">
   <subfield code="c">2020</subfield>
  </datafield>
  <datafield tag="520" ind1=" " ind2=" ">
   <subfield code="a">Trong những năm gần đây, tình hình sạt lở bờ sông luôn là mối đe dọa rất lớn cho người dân sống xung quanh khu vực đang bị ảnh hưởng, cùng với đó là nổi lo lắng cho các công trình đang triển khai thi công gần vị trí sạt lở. Tại một số nơi sạt lở bờ sông còn trực tiếp đe dọa đến bờ đê, tiềm ẩn những rủi ro không lường. Trước tình hình sạt lở bờ sông trên địa bàn Thành phố Cần Thơ ngày càng diễn biến phức tạp và gia tăng hàng năm làm ảnh hưởng lớn đến cuộc sống của người dân trên địa bàn. Biện pháp bảo vệ bờ sông ngày càng đa dạng và phong phú hơn. Các biện pháp triển khai thực hiện đều có ưu nhược điển khác nhau. Trên cơ sở các biện pháp đó có rất nhiều biện pháp bảo đảm được ổn định bờ sông, nhưng cũng không ít công trình bị phá hủy toàn bộ hoặc một phần. Nghiên cứu này nhằm đánh giá và đề xuất giải pháp nhằm hạn chế tình trạng sạt lở các công trình thủy lợi trên địa bàn TP. Cần Thơ.</subfield>
  </datafield>
  <datafield tag="650" ind1=" " ind2=" ">
   <subfield code="a">Phân tích nguy cơ sạt lở,Landslide hazard analysis</subfield>
  </datafield>
  <datafield tag="910" ind1=" " ind2=" ">
   <subfield code="c">Qhieu</subfield>
  </datafield>
  <datafield tag="980" ind1=" " ind2=" ">
   <subfield code="a">Trung tâm Học liệu Trường Đại học Cần Thơ</subfield>
  </datafield>
 </record>
</collection>
